LEADER 01044nam0-22003611i-450- 001 990003974900403321 005 20090803115203.0 010 $a0-471-97697-0 035 $a000397490 035 $aFED01000397490 035 $a(Aleph)000397490FED01 035 $a000397490 100 $a20031022d2000----km-y0itay50------ba 101 0 $aeng 102 $aUS 105 $aa---a---001yy 200 1 $aModern Compiler Design$fDick Grune, Henri E. Bal, Ceriel J. H. Jacobs, Koen G. Langendoen 210 $aNew York$cWiley$dc2000 215 $axviii, 736 p.$cill.$d23 cm 225 1 $aWorldwide Series in Computer Science 610 0 $aCompilatori 676 $a005.453 700 1$aGrune,$bDick$0149783 701 1$aBal,$bHenri E.$0149784 701 1$aJacobs,$bCeriel J. H.$0149785 701 1$aLangendoen,$bKoen G.$0383445 801 0$aIT$bUNINA$gRICA$2UNIMARC 901 $aBK 912 $a990003974900403321 952 $a005.453-GRU-1$b2751$fSC1 959 $aSC1 996 $aModern Compiler Design$9473305 997 $aUNINA LEADER 02629oam 2200493z- 450 001 9910496046403321 005 20220701 010 $a979-1-03-655582-4 024 7 $a10.4000/books.chbeck.2238 035 $a(CKB)4100000011479632 035 $a(FrMaCLE)OB-chbeck-2238 035 $a(oapen)https://directory.doabooks.org/handle/20.500.12854/87316 035 $a(PPN)25018995X 035 $a(oapen)doab87316 035 $a(EXLCZ)994100000011479632 100 $a20201002j|||||||| ||| 0 101 0 $ager 135 $auu||||||m|||| 181 $ctxt$2rdacontent 182 $cc$2rdamedia 183 $acr$2rdacarrier 200 00$aWerkpolitik in der Antike$eStudien zu Cicero, Vergil, Horaz und Ovid 210 $aMünchen$cC.H.Beck$d2016 215 $a1 online resource (312 p.) 225 1 $aZetemata 311 08$a3-406-69935-9 330 $aOf the various forms of collecting and cataloguing literary texts, classification as part of an authorial ?uvre is one of the most common. The notion of the ?uvre is often legitimised with regard to seemingly objective criteria, such as the extent or chronology of an author's production, and its implications are thus downplayed and glossed over. By contrast, the present study explores the specific preconditions (and repercussions) of privileged status accorded to the idea of the authorial corpus. It argues that Late Republican and Augustan Latin literature is an especially momentous time in the history of the literary ?uvre. The significant changes in literary culture that this period witnessed, not least the establishment of public libraries in Rome, led to an increasing awareness of and attention to the formation of textual corpora among literary practitioners, critics and readers, which has in turn had a formative influence on the idea of the authorial corpus. In four case studies, on Cicero, Virgil, Horace, and Ovid, the book highlights the different ways in which the ?uvre is envisaged and formed, both within the literary works themselves and in their reception. 606 $aLiterary studies: classical, early & medieval$2bicssc 610 $aAltphilologie 610 $aaugusteische Zeit 610 $aBibliotheken 610 $aCicerco 610 $aHoraz 610 $aOvid 610 $arömische Autoren 610 $aspäte Republik 610 $aVergil 615 7$aLiterary studies: classical, early & medieval 700 $aLa?mmle$b Ce?dric Scheidegger$01371004 801 0$bFR-FrMaCLE 906 $aBOOK 912 $a9910496046403321 996 $aWerkpolitik in der Antike$93399636 997 $aUNINA